Vista normal
Vista MARC
Entrada Nombre personal
Número de registros utilizados en: 2
001 - NÚMERO DE CONTROL
- campo de control: 45153
003 - IDENTIFICADOR DEL NÚMERO DE CONTROL
- campo de control: BNPHU
005 - FECHA Y HORA DE LA ÚLTIMA TRANSACCIÓN
- campo de control: 20250206112329.0
008 - DATOS DE LONGITUD FIJA
- campo de control de longitud fija: 200615|| aca||aabn | a|a d
010 ## - NÚMERO DE CONTROL DE LA BIBLIOTECA DEL CONGRESO
- Número de control de LC: no2014108802
040 ## - FUENTE DE LA CATALOGACIÓN
- Centro catalogador/agencia de origen: OSt
- Centro/agencia transcriptor: OSt
100 1# - ENCABEZAMIENTO-NOMBRE DE PERSONA
- Nombre de persona: Céspedes, Manuel
- Fechas asociadas al nombre: 1949-
370 ## - LUGAR ASOCIADO
- Lugar de nacimiento: Santo Domingo (República Dominicana)
375 ## - GÉNERO/SEXO
- Género/Sexo: Masculino
377 ## - LENGUA/LENGUAJE ASOCIADO
- Código del idioma: spa
- Término de lengua/lenguaje: Español
400 1# - TRAZADO DE VÉASE--NOMBRE DE PERSONA
- Nombre de persona: Grimaldi Céspedes, Víctor Manuel
- Fechas asociadas al nombre: 1949-
400 1# - TRAZADO DE VÉASE--NOMBRE DE PERSONA
- Nombre de persona: Céspedes, Víctor Manuel Grimaldi
- Fechas asociadas al nombre: 1949-
500 ## - TRAZADO DE VÉASE ADEMÁS--NOMBRE DE PERSONA
- Nombre de persona: Grimaldi, Víctor,
- Fechas asociadas al nombre: 1949-
- Subcampo de control: nnnc
670 ## - FUENTE DE DATOS ENCONTRADOS
- Cita de la fuente: Work cat.: (OSt)21213: Céspedes, Manuel, La guerra de Pichirilo :, 2012.
670 ## - FUENTE DE DATOS ENCONTRADOS
- Cita de la fuente: La Guerra de Pichirilo, 2012:
- Información encontrada: portada (Manuel Céspedes) solapa frontal (Víctor Manuel Grimaldi Céspedes)
670 ## - FUENTE DE DATOS ENCONTRADOS
- Número de control del registro bibliográfico: https://authorities.loc.gov/cgi-bin/Pwebrecon.cgi?AuthRecID=9633319&v1=1&HC=2&SEQ=20250206110512&PID=fpZq9Ba3k8dhlu07nPCwzH_c5z6H Consultado en 06 de febrero, 2025
